Teen Wolf Episodes - Statistics

General Stats
  • This quiz has been taken 314 times
  • The average score is 42 of 100
Answer Stats
Hint Answer % Correct
S01E01 Wolf Moon
76%
S03E06 Motel California
59%
S03E24 The Divine Move
57%
S01E02 Second Chance at First Line
54%
S01E09 Wolf's Bane
51%
S01E04 Magic Bullet
50%
S02E01 Omega
50%
S03E01 Tattoo
50%
S01E08 Lunatic
49%
S02E04 Abomination
48%
S03E22 De-Void
48%
S03E03 Fireflies
47%
S01E06 Heart Monitor
47%
S01E07 Night School
47%
S01E03 Pack Mentality
47%
S03E09 The Girl Who Knew Too Much
47%
S03E20 Echo House
46%
S03E23 Insatiable
46%
S03E21 The Fox and the Wolf
46%
S04E02 117
45%
S03E11 Alpha Pact
45%
S01E10 Co-Captain
45%
S01E12 Code Breaker
45%
S01E11 Formality
45%
S02E03 Ice Pick
45%
S04E05 I.E.D.
45%
S06E01 Memory Lost
45%
S04E03 Muted
45%
S03E18 Riddled
45%
S04E12 Smoke and Mirrors
45%
S04E04 The Benefactor
45%
S04E01 The Dark Moon
45%
S01E05 The Tell
45%
S03E07 Currents
44%
S06E09 Memory Found
44%
S06E20 The Wolves of War
44%
S03E13 Anchors
43%
S03E02 Chaos Rising
43%
S05E01 Creatures of the Night
43%
S03E05 Frayed
43%
S03E19 Letharia Vulpina
43%
S02E09 Party Guessed
43%
S02E02 Shape Shifted
43%
S02E11 Battlefield
42%
S03E15 Galvanize
42%
S02E12 Master Plan
42%
S05E11 The Last Chimera
42%
S03E10 The Overlooked
42%
S03E04 Unleashed
42%
S06E17 Werewolves of London
42%
S02E06 Frenemy
41%
S03E16 Illuminated
41%
S03E12 Lunar Ellipse
41%
S02E08 Raving
41%
S06E10 Riders on the Storm
41%
S03E08 Visionary
41%
S04E07 Weaponized
41%
S02E10 Fury
40%
S04E10 Monstrous
40%
S03E14 More Bad Than Good
40%
S05E02 Parasomnia
40%
S02E07 Restraint
40%
S05E19 The Beast of Beacon Hills
40%
S02E05 Venomous
40%
S05E16 Lie Ability
39%
S05E18 Maid of Gévaudan
39%
S04E09 Perishable
39%
S03E17 Silverfinger
39%
S04E11 A Promise to the Dead
38%
S04E06 Orphaned
38%
S05E08 Ouroboros
38%
S05E10 Status Asthmaticus
38%
S04E08 Time of Death
38%
S06E16 Triggers
38%
S05E13 Codominance
37%
S05E04 Condition Terminal
37%
S06E14 Face-to-Faceless
37%
S06E06 Ghosted
37%
S05E09 Lies of Omission
37%
S06E15 Pressure Test
37%
S06E11 Said the Spider to the Fly
37%
S05E12 Damnatio Memoriae
36%
S05E03 Dreamcatchers
36%
S06E18 Genotype
36%
S06E04 Relics
36%
S05E06 Required Reading
36%
S05E07 Strange Frequencies
36%
S05E17 A Credible Threat
35%
S06E13 After Images
35%
S05E15 Amplification
35%
S05E05 A Novel Approach
35%
S05E20 Apotheosis
35%
S06E08 Blitzkrieg
35%
S06E19 Broken Glass
35%
S06E07 Heartless
35%
S06E05 Radio Silence
35%
S06E12 Raw Talent
35%
S06E03 Sundowning
35%
S05E14 The Sword and the Spirit
35%
S06E02 Superposition
33%
No matching quizzes found
Score Distribution
Percent of People with Each Score
Percentile by Number Answered
Your Score History
You have not taken this quiz